|
|
|
|
| LEADER |
00000cam a2200000 c 4500 |
| 001 |
182788822 |
| 003 |
DE-627 |
| 005 |
20240911100122.0 |
| 007 |
tu |
| 008 |
950323s1904 xx ||||| 00| ||ger c |
| 035 |
|
|
|a (DE-627)182788822
|
| 035 |
|
|
|a (DE-576)9182788820
|
| 035 |
|
|
|a (DE-599)GBV182788822
|
| 035 |
|
|
|a (OCoLC)247553391
|
| 040 |
|
|
|a DE-627
|b ger
|c DE-627
|e rakwb
|
| 041 |
|
|
|a ger
|
| 044 |
|
|
|c XA-DXDE
|
| 084 |
|
|
|a 18.10
|2 bkl
|
| 100 |
1 |
|
|0 (DE-588)101477015
|0 (DE-627)521939917
|0 (DE-576)28871850X
|4 aut
|a Planer, Oscar
|d 1854-1931
|
| 109 |
|
|
|a Planer, Oscar 1854-1931
|a Planer, Oskar 1854-1931
|
| 245 |
1 |
0 |
|a Johann Gottfried Seume
|b Geschichte seines Lebens und seiner Schriften
|c von Oskar Planer und Camillo Reißmann
|
| 250 |
|
|
|a Neue Ausg
|
| 264 |
|
1 |
|a Leipzig
|b Göschen
|c 1904
|
| 300 |
|
|
|a VI, 724 S
|b Ill
|
| 336 |
|
|
|a Text
|b txt
|2 rdacontent
|
| 337 |
|
|
|a ohne Hilfsmittel zu benutzen
|b n
|2 rdamedia
|
| 338 |
|
|
|a Band
|b nc
|2 rdacarrier
|
| 546 |
|
|
|a In Fraktur
|
| 583 |
1 |
|
|a Archivierung prüfen
|c 20240324
|f DE-4165
|z 1
|2 pdager
|
| 601 |
|
|
|a Geschichte
|
| 601 |
|
|
|a Schrift
|
| 689 |
0 |
0 |
|d p
|0 (DE-588)118613480
|0 (DE-627)133887723
|0 (DE-576)163047723
|2 gnd
|a Seume, Johann Gottfried
|d 1763-1810
|
| 689 |
0 |
|
|5 (DE-627)
|
| 700 |
1 |
|
|0 (DE-588)1069559032
|0 (DE-627)822004712
|0 (DE-576)429255918
|4 oth
|a Reissmann, Camillo
|
| 700 |
1 |
|
|0 (DE-588)118613480
|0 (DE-627)133887723
|0 (DE-576)163047723
|4 oth
|a Seume, Johann Gottfried
|d 1763-1810
|
| 889 |
|
|
|w (DE-627)279763891
|
| 935 |
|
|
|a JALB
|a mteo
|
| 936 |
b |
k |
|a 18.10
|j Deutsche Literatur
|0 (DE-627)106405047
|
| 951 |
|
|
|a BO
|
| ELC |
|
|
|b 1
|
| LOK |
|
|
|0 000 xxxxxcx a22 zn 4500
|
| LOK |
|
|
|0 001 4578687910
|
| LOK |
|
|
|0 003 DE-627
|
| LOK |
|
|
|0 004 182788822
|
| LOK |
|
|
|0 005 20240911094024
|
| LOK |
|
|
|0 008 240911||||||||||||||||ger|||||||
|
| LOK |
|
|
|0 040
|a DE-Tue135
|c DE-627
|d DE-Tue135
|
| LOK |
|
|
|0 092
|o n
|
| LOK |
|
|
|0 852
|a DE-Tue135
|
| LOK |
|
|
|0 852 1
|9 00
|
| LOK |
|
|
|0 866
|x SPQUE#Johannes a Lasco Bibliothek
|
| LOK |
|
|
|0 935
|a JALB
|
| LOK |
|
|
|0 939
|a 11-09-24
|b l01
|
| ORI |
|
|
|a SA-MARC-ixtheoa001.raw
|
| SYG |
0 |
0 |
|a Seume, Johann Gottfr.,1763-1810,Seume,1763-1810,Seume, J. G.,1763-1810,Seume, Johannes Gottfried,1763-1810,Seume, I. G.,1763-1810,Seume, G.,1763-1810,Zejme,1763-1810,Seume, Joh. Gottfr.,1763-1810,Seume, Johann G.,1763-1810
|